[Event "RUS-ch Blitz Women 2021"]
[Site "Sochi"]
[Date "2021.10.11"]
[Round "9.1"]
[White "Belenkaya, Dina"]
[Black "Charochkina, Daria"]
[Result "1/2-1/2"]
[WhiteElo "2277"]
[BlackElo "2327"]
[Annotator "ChessBase"]
[PlyCount "87"]
[EventDate "2021.10.11"]
[EventType "blitz"]
[EventCountry "RUS"]
[SourceTitle "playchess.com"]
[Source "ChessBase"]
[SourceQuality "1"]

1. e4 c6 2. d3 d5 3. Nd2 Nf6 4. Ngf3 Bg4 5. h3 Bxf3 6. Qxf3 e6 7. g3 Nbd7 8.
Bg2 Bd6 9. O-O O-O 10. Qe2 Qb6 11. Nb3 Rfe8 12. Be3 c5 13. f4 d4 14. Bd2 e5 15.
Na5 Qc7 16. Nc4 b5 17. Nxd6 Qxd6 18. a4 a6 19. c3 Reb8 20. a5 c4 21. Rad1 cxd3
22. Qxd3 Nc5 23. Qf3 Rd8 24. cxd4 Qxd4+ 25. Be3 Qb4 26. fxe5 Rxd1 27. Qxd1
Nfxe4 28. Qd5 Rf8 29. e6 fxe6 30. Rxf8+ Kxf8 31. Qd8+ Kf7 32. Qc7+ Kg8 33. Qb8+
Kf7 34. Qa7+ Ke8 35. Kh2 Qc4 36. Qa8+ Kd7 37. Bf4 Ke7 38. Qa7+ Kf6 39. Qc7 Qd4
40. g4 e5 41. Qb6+ Kf7 42. Qc7+ Ke6 43. Qb6+ Kd7 44. Qa7+ 1/2-1/2

[Event "RUS-ch Blitz Women 2021"]
[Site "Sochi"]
[Date "2021.10.11"]
[Round "9.2"]
[White "Diakonova, Ekaterina"]
[Black "Lysenko, Margarita"]
[Result "0-1"]
[WhiteElo "2157"]
[BlackElo "2252"]
[Annotator "ChessBase"]
[PlyCount "99"]
[EventDate "2021.10.11"]
[EventType "blitz"]
[EventCountry "RUS"]
[SourceTitle "playchess.com"]
[Source "ChessBase"]
[SourceQuality "1"]

1. d4 Nf6 2. Bf4 e6 3. e3 d5 4. Nf3 c5 5. c3 Nc6 6. Nbd2 Be7 7. Bd3 Nh5 8. Bg3
Nxg3 9. hxg3 h6 10. Qc2 cxd4 11. exd4 Bd7 12. Ne5 Nxe5 13. dxe5 d4 14. c4 Bc6
15. Ne4 Qa5+ 16. Kf1 Qxe5 17. c5 O-O 18. Re1 Qc7 19. g4 Qf4 20. Qe2 f5 21. Ng3
fxg4 22. Qxe6+ Kh8 23. Nf5 Bf6 24. g3 Qg5 25. Rh4 Rae8 26. Qc4 Rxe1+ 27. Kxe1
Bd7 28. Nd6 Qe5+ 29. Kf1 Bxh4 30. Nf7+ Rxf7 31. Qxf7 Qe7 32. Qg6 Kg8 33. gxh4
Qf7 34. Qe4 Bc6 35. Qxd4 Qe7 36. Qxg4 a6 37. h5 Qxc5 38. Qc8+ Kf7 39. Bg6+ Kf6
40. Qd8+ Qe7 41. Qd4+ Qe5 42. Qh4+ Qg5 43. Qd4+ Qe5 44. Qd8+ Qe7 45. Qd2 Qe5
46. f4 Bb5+ 47. Kg2 Qe6 48. Qc3+ Ke7 49. Qc7+ Qd7 50. Qe5+ 0-1

[Event "RUS-ch Blitz Women 2021"]
[Site "Sochi"]
[Date "2021.10.11"]
[Round "9.3"]
[White "Sukhareva, Evgeniya"]
[Black "Paramzina, Anastasya"]
[Result "1-0"]
[WhiteElo "2143"]
[BlackElo "2260"]
[Annotator "ChessBase"]
[PlyCount "45"]
[EventDate "2021.10.11"]
[EventType "blitz"]
[EventCountry "RUS"]
[SourceTitle "playchess.com"]
[Source "ChessBase"]
[SourceQuality "1"]

1. d4 Nf6 2. c4 g6 3. Nc3 d5 4. cxd5 Nxd5 5. e4 Nxc3 6. bxc3 Bg7 7. Be3 c5 8.
Nf3 Qa5 9. Bd2 O-O 10. Be2 Bg4 11. e5 Nc6 12. O-O Rfd8 13. h3 Bxf3 14. Bxf3 Qc7
15. e6 f5 16. d5 Ne5 17. Bf4 Nxf3+ 18. Qxf3 Be5 19. Bg5 c4 20. Rfe1 Bg7 21.
Rad1 b5 22. d6 Rxd6 23. Qxa8+ 1-0

[Event "RUS-ch Blitz Women 2021"]
[Site "Sochi"]
[Date "2021.10.11"]
[Round "9.4"]
[White "Getman, Tatyana"]
[Black "Solozhenkina, Elizaveta"]
[Result "1-0"]
[WhiteElo "2198"]
[BlackElo "2325"]
[Annotator "ChessBase"]
[PlyCount "69"]
[EventDate "2021.10.11"]
[EventType "blitz"]
[EventCountry "RUS"]
[SourceTitle "playchess.com"]
[Source "ChessBase"]
[SourceQuality "1"]

1. d4 d5 2. c4 e6 3. Nc3 Nf6 4. cxd5 exd5 5. Bg5 Be7 6. e3 c6 7. Qc2 O-O 8. Bd3
Nbd7 9. Nf3 Re8 10. O-O h6 11. Bf4 Nf8 12. h3 Be6 13. Rab1 a5 14. a3 b5 15. Ne5
Qb6 16. Rfd1 N6d7 17. Nf3 Nf6 18. e4 dxe4 19. Nxe4 Nd5 20. Bg3 Nd7 21. Rbc1
Rac8 22. Nd6 Bxd6 23. Bxd6 Qd8 24. Re1 N5b6 25. Bh7+ Kh8 26. Bf5 Bxf5 27. Qxf5
Nc4 28. Bg3 Rxe1+ 29. Rxe1 Nxb2 30. Qxf7 Nf6 31. Nh4 Qg8 32. Qg6 Nc4 33. Qf5
Qd8 34. Ng6+ Kg8 35. Qxc8 1-0

[Event "RUS-ch Blitz Women 2021"]
[Site "Sochi"]
[Date "2021.10.11"]
[Round "9.5"]
[White "Potapova, Margarita"]
[Black "Zhurova, Anna"]
[Result "1-0"]
[WhiteElo "2257"]
[BlackElo "2127"]
[Annotator "ChessBase"]
[PlyCount "111"]
[EventDate "2021.10.11"]
[EventType "blitz"]
[EventCountry "RUS"]
[SourceTitle "playchess.com"]
[Source "ChessBase"]
[SourceQuality "1"]

1. d4 Nf6 2. c4 e6 3. Nc3 d5 4. Nf3 h6 5. g3 Be7 6. Bg2 O-O 7. O-O c6 8. Qd3
Nbd7 9. b3 b6 10. e4 dxe4 11. Nxe4 Nxe4 12. Qxe4 Bb7 13. Rd1 Rc8 14. Bf4 Nf6
15. Qe2 Bd6 16. Ne5 Qe7 17. Rac1 c5 18. dxc5 Bxc5 19. Nd3 Bxg2 20. Kxg2 Ba3 21.
Rb1 Bd6 22. Ne5 Rfd8 23. Qf3 Bxe5 24. Bxe5 Nd7 25. Bd6 Qe8 26. Qg4 Nf8 27. Be5
Ng6 28. Bb2 Qc6+ 29. Qf3 Qxf3+ 30. Kxf3 f6 31. Ba3 Kf7 32. Ke4 Ke8 33. f4 Nh8
34. h4 Nf7 35. g4 Rxd1 36. Rxd1 Rd8 37. Rxd8+ Nxd8 38. Bb2 Kf7 39. b4 Nc6 40.
a3 Ne7 41. Bd4 Ng6 42. Bf2 Ke7 43. a4 Kd6 44. c5+ Kc6 45. b5+ Kc7 46. f5 Nf8
47. fxe6 Nxe6 48. Kd5 Kd7 49. c6+ Ke7 50. a5 bxa5 51. Kc4 Nc7 52. Bxa7 Ne6 53.
Bf2 Kd6 54. Bg3+ Ke7 55. b6 a4 56. b7 1-0

[Event "RUS-ch Blitz Women 2021"]
[Site "Sochi"]
[Date "2021.10.11"]
[Round "9.6"]
[White "Fominykh, Maria"]
[Black "Styazhkina, Anna"]
[Result "1-0"]
[WhiteElo "2206"]
[BlackElo "2228"]
[Annotator "ChessBase"]
[PlyCount "107"]
[EventDate "2021.10.11"]
[EventType "blitz"]
[EventCountry "RUS"]
[SourceTitle "playchess.com"]
[Source "ChessBase"]
[SourceQuality "1"]

1. d4 d5 2. c4 c6 3. Nf3 Nf6 4. Nc3 dxc4 5. a4 Bf5 6. e3 e6 7. Bxc4 Bb4 8. O-O
O-O 9. Nh4 Bg6 10. Nxg6 hxg6 11. f3 c5 12. Na2 Qb6 13. dxc5 Bxc5 14. Qe2 Nc6
15. Kh1 Rfd8 16. Nc3 Rac8 17. Ba2 Ne5 18. e4 Nd3 19. Nd1 Nxc1 20. Rxc1 Bd4 21.
Nc3 Bxc3 22. Rxc3 Rxc3 23. bxc3 Qa5 24. Qc2 Rc8 25. Rc1 Nd7 26. Qd3 Ne5 27. Qb5
Rxc3 28. Rxc3 Qxc3 29. Qf1 Nd3 30. h4 Qd2 31. Bc4 Ne1 32. Qe2 Qc1 33. Kh2 Nc2
34. Qd3 Ne3 35. Qd8+ Kh7 36. Bb5 Qb2 37. Qg5 Nd1 38. h5 gxh5 39. Qxh5+ Kg8 40.
Qg5 Qf6 41. Qg3 Ne3 42. Qb8+ Kh7 43. Qg3 Qh6+ 44. Qh3 a6 45. Bd3 Nd1 46. e5+ g6
47. Qxh6+ Kxh6 48. Be4 b6 49. Bb7 a5 50. Bc6 Nb2 51. Kg3 Kg5 52. f4+ Kf5 53.
Kf3 g5 54. Be4# 1-0

[Event "RUS-ch Blitz Women 2021"]
[Site "Sochi"]
[Date "2021.10.11"]
[Round "11.1"]
[White "Sukhareva, Evgeniya"]
[Black "Charochkina, Daria"]
[Result "1-0"]
[WhiteElo "2143"]
[BlackElo "2327"]
[Annotator "NA"]
[PlyCount "81"]
[EventDate "2021.10.11"]
[EventType "blitz"]
[EventCountry "RUS"]
[SourceTitle "playchess.com"]
[Source "ChessBase"]
[SourceQuality "1"]

1. d4 d6 2. c4 e5 3. d5 f5 4. g3 Nf6 5. Bg2 Be7 6. Nf3 O-O 7. b3 c6 8. Nc3 Nbd7
9. Bb2 a5 10. O-O Nc5 11. a3 Qe8 12. b4 Nce4 13. Qb3 Kh8 14. Rad1 Bd7 15. Nd2
Nxd2 16. Rxd2 Qh5 17. c5 a4 18. Qc4 dxc5 19. d6 Bd8 20. bxc5 Ba5 21. Rdd1 f4
22. Ne4 Nd5 23. Nc3 Bxc3 24. Bxc3 Rae8 25. Bb2 f3 26. exf3 Rxf3 27. Qe4 Rf6 28.
Rfe1 Ref8 29. f3 Bh3 30. Qxe5 Qh6 31. d7 Bxg2 32. Kxg2 Qg6 33. Re2 Nf4+ 34.
Qxf4 Rxf4 35. d8=Q Rxf3 36. Re8 Rf2+ 37. Kg1 Qxe8 38. Qxe8 Rxe8 39. Kxf2 Kg8
40. Rd7 Re4 41. Rxg7+ 1-0

[Event "RUS-ch Blitz Women 2021"]
[Site "Sochi"]
[Date "2021.10.11"]
[Round "11.2"]
[White "Potapova, Margarita"]
[Black "Kovanova, Baira"]
[Result "1-0"]
[WhiteElo "2257"]
[BlackElo "2331"]
[Annotator "NA"]
[PlyCount "60"]
[EventDate "2021.10.11"]
[EventType "blitz"]
[EventCountry "RUS"]
[SourceTitle "playchess.com"]
[Source "ChessBase"]
[SourceQuality "1"]

1. d4 Nf6 2. c4 e6 3. Nc3 Bb4 4. Qc2 d5 5. cxd5 exd5 6. Bg5 h6 7. Bh4 c5 8.
dxc5 Bxc5 9. e3 Nc6 10. Bxf6 gxf6 11. Rd1 Be6 12. Nf3 Qb6 13. a3 O-O-O 14. b4
Nxb4 15. axb4 Bxb4 16. Nd4 Kb8 17. Rc1 Rc8 18. Nde2 Bg4 19. f3 Qxe3 20. Qd2 Qe6
21. Qf4+ Ka8 22. Qxb4 Bf5 23. Kf2 Rhe8 24. Qf4 Rc4 25. Qd2 Qb6+ 26. Ke1 d4 27.
Ne4 Rxc1+ 28. Nxc1 Bxe4 29. fxe4 Rxe4+ 30. Be2 Qe6 1-0

[Event "RUS-ch Blitz Women 2021"]
[Site "Sochi"]
[Date "2021.10.11"]
[Round "11.3"]
[White "Belenkaya, Dina"]
[Black "Lysenko, Margarita"]
[Result "0-1"]
[WhiteElo "2277"]
[BlackElo "2252"]
[Annotator "NA"]
[PlyCount "79"]
[EventDate "2021.10.11"]
[EventType "blitz"]
[EventCountry "RUS"]
[SourceTitle "playchess.com"]
[Source "ChessBase"]
[SourceQuality "1"]

1. e4 c5 2. Nc3 d6 3. g3 g6 4. Bg2 Bg7 5. d3 Nc6 6. Nge2 e6 7. Be3 Nd4 8. Qd2
Ne7 9. Nd1 Rb8 10. c3 Nxe2 11. Qxe2 b6 12. Qd2 O-O 13. O-O Ba6 14. Re1 e5 15.
c4 b5 16. b3 f5 17. Bg5 Bf6 18. Bh6 Bg7 19. Nc3 b4 20. Nd5 Nxd5 21. exd5 Bb7
22. Bg5 Bf6 23. Bxf6 Qxf6 24. f4 exf4 25. Qxf4 Rbe8 26. Kh1 Re7 27. Rxe7 Qxe7
28. d4 Qf6 29. Rd1 cxd4 30. Rxd4 Re8 31. Qf2 Re5 32. Rd1 a5 33. Qb6 Qe7 34. h3
h5 35. Qxa5 h4 36. Qxb4 hxg3 37. a4 Re2 38. Rg1 f4 39. a5 f3 40. a6 0-1

[Event "RUS-ch Blitz Women 2021"]
[Site "Sochi"]
[Date "2021.10.11"]
[Round "11.4"]
[White "Murashova, Ekaterina"]
[Black "Diakonova, Ekaterina"]
[Result "0-1"]
[WhiteElo "2213"]
[BlackElo "2157"]
[Annotator "NA"]
[PlyCount "64"]
[EventDate "2021.10.11"]
[EventType "blitz"]
[EventCountry "RUS"]
[SourceTitle "playchess.com"]
[Source "ChessBase"]
[SourceQuality "1"]

1. e4 d6 2. d4 Nf6 3. f3 g6 4. Be3 c6 5. c4 Nbd7 6. Nc3 Bg7 7. Qd2 O-O 8. Bh6
e5 9. Bxg7 Kxg7 10. Nge2 Re8 11. h4 h5 12. Ng3 Qa5 13. O-O-O Rb8 14. Qg5 Kh7
15. Kb1 b5 16. cxb5 cxb5 17. dxe5 Rxe5 18. Qf4 b4 19. Nd5 b3 20. a3 Kg7 21.
Nxf6 Nxf6 22. Rxd6 Be6 23. Be2 Qc5 24. Rd2 Rc8 25. Bd3 Qa5 26. Rhd1 Rec5 27.
Ne2 Nd7 28. Nd4 Ne5 29. Nxe6+ fxe6 30. Qe3 Qc7 31. Re2 Nxd3 32. Qd4+ e5 0-1

[Event "RUS-ch Blitz Women 2021"]
[Site "Sochi"]
[Date "2021.10.11"]
[Round "11.5"]
[White "Yurasova, Daria"]
[Black "Paramzina, Anastasya"]
[Result "1-0"]
[WhiteElo "2127"]
[BlackElo "2260"]
[Annotator "NA"]
[PlyCount "127"]
[EventDate "2021.10.11"]
[EventType "blitz"]
[EventCountry "RUS"]
[SourceTitle "playchess.com"]
[Source "ChessBase"]
[SourceQuality "1"]

1. d4 Nf6 2. Bg5 c6 3. Bxf6 exf6 4. g3 d5 5. Bg2 Bd6 6. Nd2 O-O 7. e3 Nd7 8.
Ne2 f5 9. O-O Nf6 10. c4 dxc4 11. Nxc4 Bc7 12. b4 g6 13. Rb1 Be6 14. Qc2 Bd5
15. Rfc1 Bxg2 16. Kxg2 a6 17. a4 Rc8 18. Nd2 Re8 19. Nc3 Nd5 20. Nxd5 Qxd5+ 21.
Kg1 h5 22. Qc4 Qxc4 23. Rxc4 h4 24. Nf3 hxg3 25. hxg3 Bd6 26. Rbc1 Rcd8 27. Kg2
Kg7 28. Ne1 g5 29. Nd3 Re4 30. Nc5 Bxc5 31. Rxc5 Kf6 32. Rh1 Rg8 33. Rh6+ Rg6
34. Rh8 f4 35. Kf3 Re7 36. gxf4 gxf4 37. Kxf4 Kg7 38. Rhh5 Rg2 39. Rhg5+ Rxg5
40. Rxg5+ Kf6 41. Rf5+ Kg6 42. Re5 Rd7 43. Ke4 f6 44. Re8 Rh7 45. Rg8+ Kf7 46.
Rb8 Ke6 47. f4 f5+ 48. Kd3 Kd6 49. Re8 Kd7 50. Rf8 Ke6 51. Rg8 Rh1 52. Rg7 b5
53. axb5 axb5 54. Rg6+ Kd5 55. Rf6 Rh5 56. Rg6 Rh1 57. Rf6 Rh5 58. Rxf5+ Rxf5
59. e4+ Kd6 60. exf5 Ke7 61. Ke3 Kf7 62. Ke4 Kf6 63. d5 cxd5+ 64. Kxd5 1-0

[Event "RUS-ch Blitz Women 2021"]
[Site "Sochi"]
[Date "2021.10.11"]
[Round "11.6"]
[White "Getman, Tatyana"]
[Black "Nasyrova, Ekaterina"]
[Result "1/2-1/2"]
[WhiteElo "2198"]
[BlackElo "2091"]
[Annotator "NA"]
[PlyCount "84"]
[EventDate "2021.10.11"]
[EventType "blitz"]
[EventCountry "RUS"]
[SourceTitle "playchess.com"]
[Source "ChessBase"]
[SourceQuality "1"]

1. d4 d5 2. c4 e6 3. Nc3 Nf6 4. cxd5 exd5 5. Bg5 Be7 6. e3 c6 7. Qc2 O-O 8. Bd3
Re8 9. Nf3 Nbd7 10. O-O Nf8 11. h3 g6 12. Ne5 Ne6 13. Bh4 Ng7 14. g4 a6 15. f4
c5 16. Qf2 Nxg4 17. Bxe7 Nxf2 18. Bxd8 Nxd3 19. Bb6 Nxe5 20. dxe5 Bxh3 21. Rfd1
d4 22. Nd5 Re6 23. e4 Rc8 24. Rac1 Kh8 25. Rxc5 Rxc5 26. Bxc5 Rc6 27. b4 Ne6
28. Rd2 Nxc5 29. bxc5 Rxc5 30. Rxd4 Be6 31. Nf6 Rc8 32. Rb4 b5 33. Rd4 h5 34.
Kf2 h4 35. Kg2 h3+ 36. Kg3 Rc3+ 37. Kh4 h2 38. Rd8+ Kg7 39. Rg8+ Kh6 40. Rh8+
Kg7 41. Rg8+ Kh6 42. Rh8+ Kg7 1/2-1/2

[Event "RUS-ch Blitz Women 2021"]
[Site "Sochi"]
[Date "2021.10.11"]
[Round "12.1"]
[White "Diakonova, Ekaterina"]
[Black "Sukhareva, Evgeniya"]
[Result "1-0"]
[WhiteElo "2157"]
[BlackElo "2143"]
[Annotator "NA"]
[PlyCount "107"]
[EventDate "2021.10.11"]
[EventType "blitz"]
[EventCountry "RUS"]
[SourceTitle "playchess.com"]
[Source "ChessBase"]
[SourceQuality "1"]

1. d4 Nf6 2. Bf4 d6 3. e3 g6 4. Nf3 b6 5. h3 Bb7 6. Be2 Bg7 7. O-O Nbd7 8. c3
e6 9. Nbd2 Qe7 10. Qc2 O-O 11. Bg5 h6 12. Bh4 e5 13. a4 a5 14. b4 Qe8 15. Bg3
e4 16. Ne1 Nh7 17. Nb3 h5 18. bxa5 bxa5 19. c4 Qe7 20. Rb1 Bc8 21. c5 d5 22.
Bxc7 Qh4 23. Bg3 Qf6 24. c6 Nb6 25. Be5 Qh4 26. Bc7 Nc4 27. Bxc4 dxc4 28. Qxc4
Bxh3 29. Bg3 Qg4 30. gxh3 Qxh3 31. Ng2 Ng5 32. Nd2 Nf3+ 33. Nxf3 exf3 34. Nf4
Qg4 35. Kh2 g5 36. Nh3 h4 37. Rg1 hxg3+ 38. Rxg3 Qh4 39. Rbg1 Bf6 40. Qd5 Kh8
41. Qxf3 Be7 42. Rg4 Qh6 43. d5 Rad8 44. e4 Rd6 45. e5 Rg6 46. d6 Bxd6 47. exd6
Rxd6 48. Rxg5 Rd4 49. Rh5 Rh4 50. Rxh6+ Rxh6 51. Qc3+ f6 52. Qg3 Rh7 53. c7 Re8
54. Qg4 1-0

[Event "RUS-ch Blitz Women 2021"]
[Site "Sochi"]
[Date "2021.10.11"]
[Round "12.2"]
[White "Charochkina, Daria"]
[Black "Potapova, Margarita"]
[Result "0-1"]
[WhiteElo "2327"]
[BlackElo "2257"]
[Annotator "NA"]
[PlyCount "64"]
[EventDate "2021.10.11"]
[EventType "blitz"]
[EventCountry "RUS"]
[SourceTitle "playchess.com"]
[Source "ChessBase"]
[SourceQuality "1"]

1. d4 Nf6 2. c4 e6 3. Nc3 Bb4 4. e3 O-O 5. Bd2 b6 6. Bd3 d5 7. cxd5 exd5 8. Nf3
Bb7 9. Rc1 a6 10. Ne5 Bd6 11. f4 Nbd7 12. O-O Ne4 13. Nxe4 dxe4 14. Bc4 Nf6 15.
Qb3 Qe7 16. a4 Rab8 17. g4 b5 18. Be2 Bd5 19. Qc2 bxa4 20. g5 Nd7 21. Kh1 c5
22. Qxa4 Rxb2 23. Nxd7 Rd8 24. Nxc5 Rxd2 25. Rc2 Rxc2 26. Qxc2 a5 27. Ra1 Qc7
28. Qc3 Bxf4 29. exf4 e3+ 30. Kg1 Qxf4 31. Qe1 Qxd4 32. Nd3 Qe4 0-1

[Event "RUS-ch Blitz Women 2021"]
[Site "Sochi"]
[Date "2021.10.11"]
[Round "12.3"]
[White "Lysenko, Margarita"]
[Black "Yurasova, Daria"]
[Result "1/2-1/2"]
[WhiteElo "2252"]
[BlackElo "2127"]
[Annotator "NA"]
[PlyCount "84"]
[EventDate "2021.10.11"]
[EventType "blitz"]
[EventCountry "RUS"]
[SourceTitle "playchess.com"]
[Source "ChessBase"]
[SourceQuality "1"]

1. d4 d5 2. c4 dxc4 3. e4 Nf6 4. e5 Nd5 5. Bxc4 Bf5 6. a3 e6 7. Ne2 Be7 8. O-O
O-O 9. Nbc3 c6 10. Ng3 Bg6 11. Nge4 Nxc3 12. Nxc3 Nd7 13. f4 Nb6 14. Bb3 Qd7
15. Be3 Rad8 16. Qf3 Kh8 17. Rad1 Qc7 18. Ne4 Nd5 19. Bf2 Qb6 20. Nc5 Qc7 21.
Ba2 Bc2 22. Rc1 Bg6 23. g4 Bxc5 24. Rxc5 b6 25. Rcc1 f6 26. Qg3 fxe5 27. fxe5
Nf4 28. Qe3 Nd5 29. Qd2 Qd7 30. h3 Nf4 31. Bg3 Nd5 32. Rxf8+ Rxf8 33. Rf1 Rxf1+
34. Kxf1 h6 35. Qf2 Kg8 36. Kg2 Be4+ 37. Kh2 Bg6 38. h4 Bf7 39. Kh3 Ne7 40. Qe3
Nd5 41. Qf2 Ne7 42. Qe3 Nd5 1/2-1/2

[Event "RUS-ch Blitz Women 2021"]
[Site "Sochi"]
[Date "2021.10.11"]
[Round "12.4"]
[White "Kovanova, Baira"]
[Black "Getman, Tatyana"]
[Result "1-0"]
[WhiteElo "2331"]
[BlackElo "2198"]
[Annotator "NA"]
[PlyCount "69"]
[EventDate "2021.10.11"]
[EventType "blitz"]
[EventCountry "RUS"]
[SourceTitle "playchess.com"]
[Source "ChessBase"]
[SourceQuality "1"]

1. e4 c5 2. Nf3 d6 3. d4 cxd4 4. Nxd4 Nf6 5. Nc3 a6 6. Be3 e5 7. Nf3 Be7 8. Bc4
O-O 9. O-O h6 10. Nh4 Nc6 11. Qd2 Nxe4 12. Nxe4 Bxh4 13. Nxd6 Be7 14. Rad1 Bg4
15. f3 Qxd6 16. Qxd6 Bxd6 17. Rxd6 Bf5 18. c3 Rfd8 19. Rfd1 Kf8 20. Bb6 Rxd6
21. Rxd6 Rc8 22. g4 Bb1 23. Rd7 Ne7 24. Bb3 e4 25. fxe4 Bxe4 26. Bd8 Nc6 27.
Rxf7+ Ke8 28. Bb6 Bc2 29. Rxg7 Bxb3 30. axb3 Ne7 31. Rh7 Rc6 32. Bd4 Re6 33.
Bc5 Re2 34. Bxe7 Rxb2 35. b4 1-0

[Event "RUS-ch Blitz Women 2021"]
[Site "Sochi"]
[Date "2021.10.11"]
[Round "12.5"]
[White "Nasyrova, Ekaterina"]
[Black "Tomilova, Elena"]
[Result "0-1"]
[WhiteElo "2091"]
[BlackElo "2256"]
[Annotator "NA"]
[PlyCount "83"]
[EventDate "2021.10.11"]
[EventType "blitz"]
[EventCountry "RUS"]
[SourceTitle "playchess.com"]
[Source "ChessBase"]
[SourceQuality "1"]

1. d4 Nf6 2. c4 e6 3. Nc3 Bb4 4. Bd2 O-O 5. e3 b6 6. Nf3 Bb7 7. Bd3 d5 8. O-O
dxc4 9. Bxc4 Nbd7 10. Qe2 c5 11. Rac1 Rc8 12. Bb3 Bxc3 13. Bxc3 Ne4 14. Rfd1
Nxc3 15. Rxc3 Qe7 16. Rdc1 cxd4 17. exd4 Rxc3 18. Rxc3 Nf6 19. Ne5 Rd8 20. Qc2
Rxd4 21. Rc7 Rd1+ 22. Qxd1 Qxc7 23. Nc4 Bd5 24. Ne3 Bxb3 25. axb3 g6 26. g3 Kg7
27. h4 h5 28. Qd4 e5 29. Qd2 Qc5 30. Nc4 Qd4 31. Qe2 e4 32. Kg2 Ng4 33. Qe1 b5
34. Nd2 e3 35. fxe3 Nxe3+ 36. Kf3 Nf5 37. Ne4 Qxb2 38. Qb4 Qe5 39. Qa5 Qd5 40.
Qb4 Qxb3+ 41. Qxb3 Nd4+ 42. Ke3 0-1

[Event "RUS-ch Blitz Women 2021"]
[Site "Sochi"]
[Date "2021.10.11"]
[Round "12.6"]
[White "Fominykh, Maria"]
[Black "Belenkaya, Dina"]
[Result "1-0"]
[WhiteElo "2206"]
[BlackElo "2277"]
[Annotator "NA"]
[PlyCount "105"]
[EventDate "2021.10.11"]
[EventType "blitz"]
[EventCountry "RUS"]
[SourceTitle "playchess.com"]
[Source "ChessBase"]
[SourceQuality "1"]

1. d4 d5 2. c4 dxc4 3. e3 Nf6 4. Bxc4 a6 5. Nf3 e6 6. O-O c5 7. dxc5 Bxc5 8.
Qxd8+ Kxd8 9. a3 Ke7 10. b4 Bd6 11. Bb2 Nbd7 12. Nbd2 Nb6 13. Bb3 Bd7 14. e4
Bf4 15. g3 Bh6 16. e5 Nfd5 17. Ne4 Bb5 18. Rfe1 Nc4 19. Bd4 b6 20. a4 Nxb4 21.
axb5 axb5 22. Rxa8 Rxa8 23. Ra1 Rxa1+ 24. Bxa1 Nd3 25. Nd4 Na5 26. Bc2 Nxe5 27.
f4 Nec4 28. Nxb5 Ne3 29. Bd3 Nb3 30. Bc3 Nd5 31. Be1 g6 32. Nec3 Nb4 33. Be4
Nc5 34. Bf3 Bg7 35. Ne4 Ncd3 36. Bc3 Bf8 37. Nf2 Kd7 38. Nxd3 Nxd3 39. Bd4 Nc5
40. Kf1 Be7 41. Ke2 h6 42. Nc3 g5 43. Ne4 gxf4 44. gxf4 Nxe4 45. Bxe4 b5 46.
Kd3 f6 47. Bf3 Kd6 48. Bc3 Bd8 49. Bb4+ Kd7 50. Bf8 Bc7 51. Bxh6 Ke7 52. Bc6
Kf7 53. Ke4 1-0

[Event "RUS-ch Blitz Women 2021"]
[Site "Sochi"]
[Date "2021.10.11"]
[Round "13.1"]
[White "Sukhareva, Evgeniya"]
[Black "Potapova, Margarita"]
[Result "0-1"]
[WhiteElo "2143"]
[BlackElo "2257"]
[Annotator "NA"]
[PlyCount "82"]
[EventDate "2021.10.11"]
[EventType "blitz"]
[EventCountry "RUS"]
[SourceTitle "playchess.com"]
[Source "ChessBase"]
[SourceQuality "1"]

1. d4 Nf6 2. c4 e6 3. Nc3 Bb4 4. Qc2 O-O 5. Nf3 c5 6. e3 b6 7. a3 Bxc3+ 8. bxc3
d6 9. Be2 Bb7 10. O-O Qe7 11. a4 Nc6 12. Nd2 e5 13. d5 Na5 14. e4 g6 15. Re1
Ne8 16. Nf1 Ng7 17. f4 f5 18. fxe5 Qxe5 19. Nd2 Rae8 20. Bd3 f4 21. Nf3 Qe7 22.
e5 dxe5 23. Rxe5 Qd6 24. Rxe8 Rxe8 25. Bd2 Ba6 26. Ng5 Nxc4 27. Ne4 Qf8 28. Re1
Na3 29. Qa2 Bxd3 30. d6+ c4 31. Nf6+ Qxf6 32. Rxe8+ Nxe8 33. d7 Nd6 34. Qxa3
Qe7 35. h3 Qxd7 36. Bxf4 Nb7 37. Qc1 Nc5 38. Be5 Qe6 39. Bd4 Qe2 40. Qh6 Ne6
41. Bf6 Be4 0-1

[Event "RUS-ch Blitz Women 2021"]
[Site "Sochi"]
[Date "2021.10.11"]
[Round "13.2"]
[White "Yurasova, Daria"]
[Black "Diakonova, Ekaterina"]
[Result "1-0"]
[WhiteElo "2127"]
[BlackElo "2157"]
[Annotator "NA"]
[PlyCount "44"]
[EventDate "2021.10.11"]
[EventType "blitz"]
[EventCountry "RUS"]
[SourceTitle "playchess.com"]
[Source "ChessBase"]
[SourceQuality "1"]

1. d4 d6 2. Nf3 Nf6 3. Bg5 g6 4. Bxf6 exf6 5. e3 d5 6. g3 Bg7 7. Bg2 O-O 8. O-O
c6 9. Nfd2 f5 10. c4 Be6 11. cxd5 Bxd5 12. Bxd5 Qxd5 13. Nc3 Qd8 14. Rc1 Nd7
15. b4 a6 16. Qb3 Nf6 17. Rfd1 Qd7 18. Nf3 Ne4 19. Na4 Rad8 20. Nc5 Qe7 21. Nd2
h5 22. Ndxe4 fxe4 1-0

[Event "RUS-ch Blitz Women 2021"]
[Site "Sochi"]
[Date "2021.10.11"]
[Round "13.3"]
[White "Tomilova, Elena"]
[Black "Lysenko, Margarita"]
[Result "1-0"]
[WhiteElo "2256"]
[BlackElo "2252"]
[Annotator "NA"]
[PlyCount "89"]
[EventDate "2021.10.11"]
[EventType "blitz"]
[EventCountry "RUS"]
[SourceTitle "playchess.com"]
[Source "ChessBase"]
[SourceQuality "1"]

1. d4 Nf6 2. Nf3 e6 3. e3 d5 4. Bd3 c5 5. c4 cxd4 6. exd4 Be7 7. O-O O-O 8.
cxd5 Nxd5 9. Nc3 Nc6 10. a3 Nxc3 11. bxc3 Bf6 12. Re1 Re8 13. Bc2 b6 14. Qd3 g6
15. Bh6 Bb7 16. Rad1 Rc8 17. Bb1 Na5 18. Ne5 Bd5 19. Qg3 Bg7 20. Bxg7 Kxg7 21.
h4 Nc4 22. h5 Nxe5 23. dxe5 Qe7 24. a4 Rc5 25. Rd4 Rec8 26. Re3 Rc4 27. Kh2
Rxd4 28. cxd4 Rc4 29. Qf4 g5 30. h6+ Kxh6 31. Rh3+ Kg7 32. Rxh7+ Kf8 33. Qg4
Ke8 34. Bg6 Qb4 35. Rxf7 Kd8 36. Qxg5+ Kc8 37. Qf6 Kb8 38. Qd8+ Rc8 39. Qd7 Qa5
40. Qd6+ Ka8 41. Qd7 Qa6 42. f3 Kb8 43. Be4 Qb7 44. Qd6+ Qc7 45. Rxc7 1-0

[Event "RUS-ch Blitz Women 2021"]
[Site "Sochi"]
[Date "2021.10.11"]
[Round "13.4"]
[White "Solozhenkina, Elizaveta"]
[Black "Kovanova, Baira"]
[Result "1-0"]
[WhiteElo "2325"]
[BlackElo "2331"]
[Annotator "NA"]
[PlyCount "80"]
[EventDate "2021.10.11"]
[EventType "blitz"]
[EventCountry "RUS"]
[SourceTitle "playchess.com"]
[Source "ChessBase"]
[SourceQuality "1"]

1. e4 e5 2. Nf3 Nc6 3. Nc3 Nf6 4. Bb5 Bd6 5. a3 O-O 6. O-O Nd4 7. Bc4 c6 8. d3
Bc7 9. Nxd4 exd4 10. Ne2 d5 11. exd5 Nxd5 12. Bxd5 Qxd5 13. Nf4 Qd6 14. Qh5 Re8
15. Bd2 Bd7 16. Rfe1 h6 17. g3 Qf6 18. h4 Bxf4 19. Bxf4 c5 20. Re5 b6 21. Rae1
Rxe5 22. Rxe5 Bc6 23. Qe2 Qd8 24. f3 Qd7 25. Kg2 a5 26. Kh2 Rd8 27. Kg2 Rc8 28.
h5 Rd8 29. Kh2 Rc8 30. g4 Bd5 31. Re7 Qc6 32. Kg3 Qf6 33. Re8+ Rxe8 34. Qxe8+
Kh7 35. Qe5 Qc6 36. Qf5+ Kg8 37. Be5 b5 38. g5 hxg5 39. Qxg5 f6 40. Bxf6 Qd6+
1-0